[Event "48th Biel GM 2015"]
[Site "Biel SUI"]
[Date "2015.07.22"]
[Round "3.2"]
[White "Adams, Michael"]
[Black "Vachier-Lagrave, Maxime"]
[Result "0-1"]
[WhiteTitle "GM"]
[BlackTitle "GM"]
[WhiteElo "2740"]
[BlackElo "2731"]
[WhiteFideId "400041"]
[BlackFideId "623539"]
[EventDate "2015.07.20"]

1. e4 c5 2. Nf3 d6 3. Bb5+ Nd7 4. c3 Nf6 5. Qe2 a6 6. Ba4 e5 7. O-O Be7 8. d4 b5
9. Bc2 O-O 10. Rd1 Qc7 11. a4 Rb8 12. Na3 c4 13. Bd2 Re8 14. axb5 axb5 15. h3 d5
16. dxe5 Nxe5 17. Nxe5 Qxe5 18. f4 Bc5+ 19. Be3 Qh5 20. Rd2 dxe4 21. Re1 Qxe2
22. Rdxe2 Bxe3+ 23. Rxe3 Rb6 24. Kf2 Bf5 25. Rd1 h5 26. Kg3 g6 27. Rd4 Kg7 28.
Kh4 Be6 29. Re2 Rbb8 30. Bd1 Bf5 31. Bc2 Rec8 32. Re1 Rc5 33. Bd1 Nd5 34. g3 Rh8
35. Nc2 Ne7 36. Rd6 Be6 0-1